| 000 | 01265nam a2200289 i 4500 | ||
|---|---|---|---|
| 001 | 17720 | ||
| 003 | ES-MaACL | ||
| 005 | 20250926063044.0 | ||
| 007 | t| | ||
| 008 | 010509s1944 sp |||| | spa d | ||
| 080 | _a338:633.1(460)"1475/1516" | ||
| 100 | 1 |
_aIbarra y Rodríguez, Eduardo, _d1866-1944 _964967 |
|
| 245 | 1 | 3 |
_aEl problema cerealista en España durante el reinado de los Reyes Católicos (1475-1516) / _cpor Eduardo Ibarra Rodríguez. |
| 260 |
_aMadrid : _bInstituto Sancho de Moncada, de Economía, _c1944. |
||
| 300 |
_aXXI, 187 p., 3 h. ; _c25 cm. |
||
| 490 | 1 |
_aSerie C, Historia de las doctrinas e instituciones económicas ; _v1 |
|
| 500 | _aPrecede al tít.: Consejo Superior de Investigaciones Científicas. | ||
| 650 | 1 | 4 |
_aCereales- _zEspaña- _yS.XV. _910901 |
| 650 | 1 | 4 |
_aAgricultura- _zEspaña- _yS.XV. _99683 |
| 651 | 4 |
_aEspaña- _xSituación económica- _y1474-1516. _9167676 |
|
| 710 | 2 |
_aInstituto de Economía "Sancho de Moncada" _94867 |
|
| 710 | 2 |
_aConsejo Superior de Investigaciones Científicas (España) _93236 |
|
| 830 | 0 | 0 |
_aHistoria de las doctrinas e instituciones económicas _v1 _9228788 |
| 852 |
_aES-MaACL _jAND-5 _z. - Biblioteca Juan Andrade |
||
| 852 |
_aES-MaACL _jD-6805 |
||
| 999 |
_c17720 _d17720 |
||